Statistics for Country and Capital Neighbour Connect with Disappearing World Map: Southernmost

Click here to take the quiz!

General Stats

  • This quiz has been taken 191 times
  • The average score is 234 of 392

Answers on the Map

Answers color-coded by a green-red scale on the quiz's map according to % correct below.
 

Answer Stats

HintHintCountry/Capital% Correct
776.7391.9New Zealand
100%
776.7391.9Wellington
96%
234373Argentina
88%
218384Chile
88%
248.9339.7Asunción
85%
236319Bolivia
85%
234373Buenos Aires
85%
254.9370.2Montevideo
85%
218384Santiago
85%
266294Brasília
84%
236319La Paz
84%
248.9339.7Paraguay
84%
216.3247.5Bogotá
83%
266294Brazil
83%
216.3247.5Colombia
83%
204265.5Ecuador
83%
248242Georgetown
83%
248242Guyana
83%
208292Lima
83%
254.4248.1Paramaribo
83%
208292Peru
83%
204265.5Quito
83%
254.4248.1Suriname
83%
254.9370.2Uruguay
83%
232235Venezuela
83%
232235Caracas
82%
386105France
74%
378.2234.5Accra
73%
377202.2Bamako
73%
366153.5Morocco
73%
372127.5Spain
73%
398230.8Abuja
72%
420301.2Angola
72%
385.7225Benin
72%
347.7220.3Bissau
72%
416.9260.5Brazzaville
72%
377219Burkina Faso
72%
353.3224.2Conakry
72%
368235.9Cote d'Ivoire
72%
347212Dakar
72%
344216Gambia
72%
378.2234.5Ghana
72%
353.3224.2Guinea
72%
347.7220.3Guinea-Bissau
72%
444360.5Lesotho
72%
359.2239.6Liberia
72%
383232.4Lomé
72%
377202.2Mali
72%
359.2239.6Monrovia
72%
354195.5Nouakchott
72%
385.7225Porto-Novo
72%
347212Senegal
72%
354232.9Sierra Leone
72%
431365South Africa
72%
383232.4Togo
72%
418328Windhoek
72%
368235.9Yamoussoukro
72%
407247Yaoundé
72%
344216Banjul
71%
354232.9Freetown
71%
444360.5Maseru
71%
431365Pretoria
71%
435336.1Botswana
70%
467309.5Maputo
70%
418328Namibia
70%
451.3350.1Swaziland
70%
447325Zimbabwe
70%
435336.1Gaborone
69%
447325Harare
69%
433267.2Kinshasa
69%
420301.2Luanda
69%
456307Malawi
69%
451.3350.1Mbabane
69%
467309.5Mozambique
69%
459.1282.5Tanzania
69%
438310Zambia
69%
470234.2Addis Ababa
68%
466.3209.2Asmara
68%
447.8272.6Burundi
68%
407247Cameroon
68%
427.6239Central African Republic
68%
422.6209.4Chad
68%
433267.2Democratic Republic of the Congo
68%
476.4221.6Djibouti
68%
476.4221.6Djibouti (cap)
68%
459.1282.5Dodoma
68%
404255.8Equatorial Guinea
68%
466.3209.2Eritrea
68%
470234.2Ethiopia
68%
406.5264Gabon
68%
449.6239.5Juba
68%
453.1256.6Kampala
68%
465.8259.9Kenya
68%
448.5209.5Khartoum
68%
447.8267.7Kigali
68%
406.5264Libreville
68%
456307Lilongwe
68%
438310Lusaka
68%
488230Mogadishu
68%
465.8259.9Nairobi
68%
422.6209.4N'Djamena
68%
403.3203.9Niamey
68%
403.3203.9Niger
68%
398230.8Nigeria
68%
377219Ouagadougou
68%
416.9260.5Republic of the Congo
68%
447.8267.7Rwanda
68%
488230Somalia
68%
449.6239.5South Sudan
68%
448.5209.5Sudan
68%
453.1256.6Uganda
68%
502182.5Abu Dhabi
67%
384.2167.2Algeria
67%
384.2167.2Algiers
67%
462.3158.9Amman
67%
478.8149.9Baghdad
67%
427.6239Bangui
67%
447.8272.6Bujumbura
67%
447171.3Cairo
67%
467143Damascus
67%
495.7176.2Doha
67%
447171.3Egypt
67%
556185.9India
67%
501.3152.5Iran
67%
478.8149.9Iraq
67%
459157Israel
67%
459157Jerusalem
67%
462.3158.9Jordan
67%
487162.9Kuwait
67%
487162.9Kuwait City
67%
419.3172.9Libya
67%
404255.8Malabo
67%
354195.5Mauritania
67%
509.33187.2Muscat
67%
597188.5Naypyidaw
67%
509.33187.2Oman
67%
535.7164.2Pakistan
67%
495.7176.2Qatar
67%
366153.5Rabat
67%
482.1179.9Riyadh
67%
488.3208.2Sana'a
67%
482.1179.9Saudi Arabia
67%
419.3172.9Tripoli
67%
502182.5United Arab Emirates
67%
488.3208.2Yemen
67%
608207.9Bangkok
66%
635.5264Jakarta
66%
610.3247.2Malaysia
66%
703.7282.4Port Moresby
66%
638.6246.1Bandar Seri Begawan
65%
583181.8Bangladesh
65%
584.1169.4Bhutan
65%
638.6246.1Brunei
65%
616219.1Cambodia
65%
615140.9China
65%
583181.8Dhaka
65%
664.3290.8Dili
65%
664.3290.8East Timor
65%
624.3219.9Hanoi
65%
635.5264Indonesia
65%
610.3247.2Kuala Lumpur
65%
610.3194.9Laos
65%
597188.5Myanmar
65%
556185.9New Delhi
65%
703.7282.4Papua New Guinea
65%
616219.1Phnom Penh
65%
608207.9Thailand
65%
584.1169.4Thimphu
65%
610.3194.9Vientiane
65%
624.3219.9Vietnam
65%
615140.9Beijing
64%
569.8166.5Kathmandu
64%
569.8166.5Nepal
64%
528149.2Afghanistan
63%
513130.6Ashgabat
63%
533100Astana
63%
487.6125Azerbaijan
63%
535.7164.2Islamabad
63%
528149.2Kabul
63%
533100Kazakhstan
63%
548122Kyrgyzstan
63%
57752Moscow
63%
665.7127North Korea
63%
665.7127Pyongyang
63%
669139Seoul
63%
669139South Korea
63%
545.2133.5Tajikistan
63%
525122.5Tashkent
63%
501.3152.5Tehran
63%
460.3130.6Turkey
63%
513130.6Turkmenistan
63%
525122.5Uzbekistan
63%
425.5124Albania
62%
460.3130.6Ankara
62%
430129Athens
62%
461.7146.8Beirut
62%
548122Bishkek
62%
545.2133.5Dushanbe
62%
430129Greece
62%
461.7146.8Lebanon
62%
57752Russia
62%
467143Syria
62%
425.5124Tirana
62%
427.6113Belgrade
61%
421113Bosnia and Herzegovina
61%
436.7107.1Bucharest
61%
437.8117.9Bulgaria
61%
418108Croatia
61%
416.4124.2Italy
61%
427.5118.5Kosovo
61%
413106.5Ljubljana
61%
429.5121.7Macedonia
61%
423.7117.8Montenegro
61%
423.7117.8Podgorica
61%
427.5118.5Pristina
61%
416.4124.2Rome
61%
421113Sarajevo
61%
427.6113Serbia
61%
429.5121.7Skopje
61%
437.8117.9Sofia
61%
408.5120.7Vatican City
61%
408.5120.7Vatican City (cap)
61%
418108Zagreb
61%
42398Bratislava
60%
424.4103.1Budapest
60%
444.4102Chișinău
60%
424.4103.1Hungary
60%
444.4102Moldova
60%
436.7107.1Romania
60%
408.5113.9San Marino
60%
408.5113.9San Marino (cap)
60%
42398Slovakia
60%
413106.5Slovenia
60%
450.696Ukraine
60%
414.2100.9Austria
59%
398.4103.5Bern
59%
41493.8Czech Republic
59%
40489.9Germany
59%
402103.1Liechtenstein
59%
386105Paris
59%
41493.8Prague
59%
398.4103.5Switzerland
59%
402103.1Vaduz
59%
414.2100.9Vienna
59%
384118.7Andorra
58%
384118.7Andorra la Vella
58%
361.7127.6Lisbon
58%
372127.5Madrid
58%
361.7127.6Portugal
58%
39386.9Amsterdam
57%
39191Belgium
57%
40489.9Berlin
57%
39191Brussels
57%
450.696Kiev
57%
394.394.2Luxembourg
57%
394.394.2Luxembourg (cap)
57%
397.2114.5Monaco
57%
397.2114.5Monaco (cap)
57%
39386.9Netherlands
57%
423.687.1Poland
57%
443.481.2Belarus
56%
36382.5Dublin
56%
36382.5Ireland
56%
37786London
56%
37786United Kingdom
56%
423.687.1Warsaw
56%
43964.8Estonia
55%
43870.6Latvia
55%
434.376.3Lithuania
55%
443.481.2Minsk
55%
43870.6Riga
55%
43964.8Tallinn
55%
434.376.3Vilnius
55%
480.5125Armenia
54%
487.6125Baku
54%
401.573.5Copenhagen
54%
401.573.5Denmark
54%
479120Georgia
54%
479120Tbilisi
54%
480.5125Yerevan
54%
614.2104.1Mongolia
53%
614.2104.1Ulaanbaatar
53%
401.757Oslo
51%
180.9203.6Belize
50%
180.9203.6Belmopan
50%
14366Canada
50%
192228Costa Rica
50%
180.4215El Salvador
50%
43752Finland
50%
177.4210Guatemala
50%
177.4210Guatemala City
50%
43752Helsinki
50%
184.5210.7Honduras
50%
188.2218.1Managua
50%
151182Mexico
50%
151182Mexico City
50%
188.2218.1Nicaragua
50%
401.757Norway
50%
14366Ottawa
50%
198232.5Panama
50%
198232.5Panama City
50%
192228San José
50%
180.4215San Salvador
50%
414.360.5Stockholm
50%
414.360.5Sweden
50%
184.5210.7Tegucigalpa
50%
401148Tunis
50%
401148Tunisia
50%
153129United States
50%
153129Washington D.C.
50%
683342Australia
49%
683342Canberra
49%
486324.3Antananarivo
47%
782.9320.1Fiji
47%
486324.3Madagascar
47%
510.1329.1Mauritius
47%
798.1328.7Nukuʻalofa
47%
510.1329.1Port Louis
47%
755.5318.6Port Vila
47%
782.9320.1Suva
47%
798.1328.7Tonga
47%
802.8307.7Apia
46%
755.5318.6Vanuatu
46%
802.8307.7Samoa
45%
479.4301.4Comoros
44%
479.4301.4Moroni
44%
804.5282.8Tuvalu
44%
804.5282.8Funafuti
43%
742.1295Honiara
43%
756.2263.4Nauru
43%
742.1295Solomon Islands
43%
756.2263.4Yaren
43%
21272Kiribati
42%
545.9248.9Maldives
42%
545.9248.9Malé
42%
395.5260.6São Tomé
42%
395.5260.6São Tomé and Príncipe
42%
505.5277Seychelles
42%
21272South Tarawa
42%
505.5277Victoria
42%
242.5226.6Port-of-Spain
41%
614.2256.7Singapore
41%
614.2256.7Singapore (cap)
41%
242.5226.6Trinidad and Tobago
41%
717.7235.2Federated States of Micronesia
40%
717.7235.2Palikir
40%
760.6232.2Majuro
39%
657220.6Manila
39%
760.6232.2Marshall Islands
39%
680.5241.3Ngerulmud
39%
680.5241.3Palau
39%
657220.6Philippines
39%
562235.3Sri Jayawardenepura Kotte
39%
562235.3Sri Lanka
39%
246.5217Barbados
37%
246.5217Bridgetown
37%
241.6220.6Grenada
37%
34143Iceland
37%
241.6220.6Saint George's
37%
326.7206.9Cape Verde
36%
243.2214.6Castries
36%
242.7216.8Kingstown
36%
326.7206.9Praia
36%
34143Reykjavík
36%
243.2214.6Saint Lucia
36%
242.7216.8Saint Vincent and the Grenadines
36%
209180.9Bahamas
35%
494.3174Bahrain
35%
455.3143.7Cyprus
35%
494.3174Manama
35%
209180.9Nassau
35%
455.3143.7Nicosia
35%
652.9182.1Taipei
35%
652.9182.1Taiwan
35%
241.4204Antigua and Barbuda
34%
206190.2Cuba
34%
242.4209.5Dominica
34%
221197Dominican Republic
34%
218196Haiti
34%
206190.2Havana
34%
206200.2Jamaica
34%
693.3140Japan
34%
412.9141.1Malta
34%
218196Port-au-Prince
34%
242.4209.5Roseau
34%
241.4204Saint John's
34%
221197Santo Domingo
34%
693.3140Tokyo
34%
412.9141.1Valletta
34%
239.4203.4Basseterre
33%
206200.2Kingston
33%
239.4203.4Saint Kitts and Nevis
33%

Score Distribution

Percentile by Number Answered

Percent of People with Each Score

Your Score History

You have not taken this quiz